Pronti all'azione

সংরক্ষণ করুন:
গ্রন্থ-পঞ্জীর বিবরন
সংস্থা লেখক: Anlaids Lazio
বিন্যাস: গ্রন্থ
ভাষা:ইংরেজি
প্রকাশিত: Anlaids
ট্যাগগুলো: ট্যাগ যুক্ত করুন
কোনো ট্যাগ নেই, প্রথমজন হিসাবে ট্যাগ করুন!

MARC

LEADER 00000nam a2200000 4500
005 20241120171201.0
008 241120b |||||||| |||| 00| 0 eng d
040 |c GP 
110 |a Anlaids Lazio 
245 |a Pronti all'azione 
260 |b Anlaids 
942 |2 ddc  |c BK  |n 0 
952 |0 0  |1 0  |2 ddc  |4 0  |6 614_599300000000000_ANL  |7 1  |9 2189  |a RM  |b RM  |d 2024-11-20  |l 0  |o 614.5993 ANL  |p 618  |r 2024-11-20 17:12:21  |w 2024-11-20  |y BK 
999 |c 1930  |d 1930